|
|
|
|
| LEADER |
00861cam a2200217 7i4500 |
| 001 |
0000001901 |
| 005 |
20191017090000.0 |
| 020 |
|
|
|a 983520117X (pbk.)
|
| 020 |
|
|
|a 9789835201172
|
| 090 |
0 |
0 |
|a TN871.2
|b .R33 1998
|
| 100 |
1 |
|
|a Rabia, H
|
| 245 |
1 |
0 |
|a Kejuruteraan penggerudian telaga minyak :
|b prinsip dan praktik
|c H.Rabia ; penterjemah Abu Azam Md.Yassin...[et al.].
|
| 260 |
|
|
|a Skudai, Johor:
|b Penerbit UTM,
|c 1998.
|
| 300 |
|
|
|a viii, 419 p.:
|b ill.;
|c 25 cm.
|
| 504 |
|
|
|a Includes bibliographical references and index
|
| 650 |
0 |
0 |
|a Oilwell drilling
|
| 700 |
0 |
|
|a Abu Azam Md.Yassin
|
| 997 |
|
|
|a Engineering & Life Sciences, Faculty
|b Engineering, Department
|
| 999 |
|
|
|a 0000000672
|b BOK
|c OPEN SHELF
|e 2nd Floor, Bestari Jaya
|
| 999 |
|
|
|a 0000000673
|b BOK
|c OPEN SHELF
|e 2nd Floor, Bestari Jaya
|
| 999 |
|
|
|a 0000001046
|b BOK
|c OPEN SHELF
|e 2nd Floor, Bestari Jaya
|